01772nam a22001937a 450000500170000000800410001704000070005804100080006508200230007310000440009624500430014026000610018330000270024452011880027165000250145965000280148465000220151270000440153420221019100400.0221019b ||||| |||| 00| 0 eng d cAL aeng 223a306.0954bPLAN aPlanning Commission Government of India aNational human development report 2001 aNew DelhibPlanning Commission Government of Indiac2002 aiv,297p.bPBc30x21cm. aThe Report attempts to map the state of human development in India, looking in particular at gender equality and poverty. The Report breaks new ground in several areas by presenting the level of human development at State-level and in constructing indices such as a gender equality index. The Report finds that although overall human development has improved, at the State level there are wide disparities. However, it notes that among the middle-income states there is no correspondence between the HDI and level of development, indicating that allocation of adequate public resources is not enough; they must be used effectively and efficiency. Human attainment appears to be better where there is social mobilization for human development, and where female literacy and empowerment encourages women to have a say in the decision-making process at the household level. The Report also includes a section on governance, suggesting an alternative framework of governance to further human development. This includes empowering women, reforming the civil service, supporting civil society initiatives, and removing unnecessary procedural regulations that stifle entrepreneurial energy. aEconomic Attainments aEducational Attainments aHealth Attainment aPLANNING COMMISSION GOVERNMENT OF INDIA